Central Library OPAC University of Rajshahi

Revised elementary French grammar / (Record no. 7270)

MARC details
000 -LEADER
fixed length control field 00931cam a22002652 4500
001 - CONTROL NUMBER
control field 7270
003 - CONTROL NUMBER IDENTIFIER
rucl marc code BD-RjUL
005 - DATE AND TIME OF LATEST TRANSACTION
control field 20211208234405.0
008 - FIXED-LENGTH DATA ELEMENTS--GENERAL INFORMATION
fixed length control field 140113s1942 mauabf 001 0 eng
035 ## - SYSTEM CONTROL NUMBER
System control number (BD-RjUL)7313
040 ## - CATALOGING SOURCE
Original cataloging agency DLC
Transcribing agency DLC
Modifying agency DLC
-- BD-RjUL
Language of cataloging eng
041 ## - LANGUAGE CODE
Language code of text/sound track or separate title eng
082 ## - DEWEY DECIMAL CLASSIFICATION NUMBER
Classification number 448.242
Author mark and year FRR 1942
100 1# - MAIN ENTRY--PERSONAL NAME
Personal name Fraser, William Henry,
Dates associated with a name 1853-1916. [from old catalog]
9 (RLIN) 22718
245 00 - TITLE STATEMENT
Title Revised elementary French grammar /
Statement of responsibility, etc. [by] W.H. Fraser & J. Squair and Clifford S. Parker ...
260 ## - PUBLICATION, DISTRIBUTION, ETC. (IMPRINT)
Place of publication, distribution, etc. Boston :
Name of publisher, distributor, etc. D.C. Heath and company,
Date of publication, distribution, etc. c1942
300 ## - PHYSICAL DESCRIPTION
Pagination xvii, 410 p. :
Illustrations illus. (maps) plates. ;
Size 22 cm.
504 ## - BIBLIOGRAPHY, ETC. NOTE
Bibliography, etc Includes Index.
650 #0 - SUBJECT ADDED ENTRY--TOPICAL TERM
Topical term or geographic name as entry element French language
General subdivision Grammar
9 (RLIN) 22622
700 1# - ADDED ENTRY--PERSONAL NAME
Personal name Squair, John,
Dates associated with a name 1850-1928, [from old catalog]
Relator term joint author.
Personal name Parker, Clifford Stetson,
Dates associated with a name 1891- [from old catalog]
942 ## - ADDED ENTRY ELEMENTS (KOHA)
Source of classification or shelving scheme Dewey Decimal Classification
Koha item type Books
Holdings
Lost status Source of classification or shelving scheme Damaged status Not for loan Collection code Permanent Location Current Location Shelving location Date acquired Source of acquisition Cost, normal purchase price Total Checkouts Full call number Date last seen Copy number Koha item type
  Dewey Decimal Classification   Not For Loan Non-fiction Central Library, University of Rajshahi Central Library, University of Rajshahi   07/04/1962 Asia foundation 0.00   448.242 FRR 1942 13/01/2014 C-1 Books